Die teuersten Fußballtransfers - Saison 2014-2015 - Statistiken

Allgemein
  • Dieses Quiz wurde 54 mal gespielt
  • Das Durchschnittsergebnis liegt bei 7 aus 10
Antwortstatistiken
Ablöse (M €) Nationalität Abgebender Verein Aufnehmender Verein Spieler % Korrekt
75,00 Kolumbien AS Monaco Real Madrid James Rodríguez
98%
81,72 Uruguay FC Liverpool FC Barcelona Luis Suárez
98%
75,00 Argentinien Real Madrid Manchester United Ángel Di María
94%
42,50 Chile Barcelona FC Arsenal Alexis Sánchez
87%
35,36 Belgien FC Chelsea FC Everton Romelu Lukaku
72%
49,50 Brasilien FC Chelsea Paris SG David Luiz
70%
38,00 Brasilien / Spanien Atlético Madrid FC Chelsea Diego Costa
64%
37,50 England Southampton Manchester United Luke Shaw
38%
36,00 Spanien Athletic Bilbao Manchester United Ander Herrera
30%
45,00 Frankreich FC Porto Manchester City Eliaquim Mangala
23%
Keine übereinstimmenden Quizze gefunden
Verteilung der Resultate
Anzahl Personen mit jedem Resultat
Perzentil nach korrekt beantworteten Fragen
Ihre Resultats-Entwicklung
Sie haben dieses Quiz noch nicht gespielt